| 000 | 06323 a2200577 4500 | ||
|---|---|---|---|
| 008 | 090302t xxu||||| |||| 00| 0 eng d | ||
| 010 | _aB-274201-230 | ||
| 020 |
_c300.00 _a8126025344 |
||
| 035 | _aB-274201-230 | ||
| 037 | _bNorth India Publishers & Distt. | ||
| 082 | _aS | ||
| 100 | _aMadhurantakam Rajaram | ||
| 245 |
_aMathurantakam Rajaram stories/ _cby Madhurantakam Rajaram; translated in English by D.Ranga Rao |
||
| 260 |
_aNew Delhi _bSahitya Akademi _c2007 |
||
| 270 |
_aRabindra Bhawan, 35, Ferozeshah Road, _bNew Delhi _e110001 |
||
| 300 |
_a503p. _c23cm (Hb) |
||
| 490 | _aSahitya Akademi Award winning short story collection In Telegu | ||
| 700 | _aRao, D. Ranga | ||
| 942 |
_adpl _cEN _2ddc _hS _mMAD |
||
| 999 |
_c24536 _d24536 |
||